| 000 | 02201cam a2200481 i 4500 | ||
|---|---|---|---|
| 001 | 200468157 | ||
| 003 | TR-AnTOB | ||
| 005 | 20260416154831.0 | ||
| 007 | ta | ||
| 008 | 260416t19801980nyu b 001 0 eng | ||
| 010 | _a 79004825 | ||
| 016 | 7 |
_a011659721 _2Uk |
|
| 020 | _a0804424268 | ||
| 020 | _a9780804424264 | ||
| 020 |
_a0804463182 _q(paperback) |
||
| 020 |
_a9780804463188 _q(paperback) |
||
| 035 | _a(CU-S)b17200581-01ucs_sdi | ||
| 035 |
_a(OCoLC)06223409 _z(OCoLC)1019894953 _z(OCoLC)1054230965 |
||
| 035 | _a(OCoLC)ocm06223409 | ||
| 035 | _a(EXLNZ-01UCS_NETWORK)9912427528606531 | ||
| 035 | _a(TR-AnTOB)200468157 | ||
| 040 |
_aDLC _beng _erda _cDLC _dBAKER _dNLGGC _dBTCTA _dGEBAY _dVOV _dFPB _dYDXCP _dGBVCP _dP4I _dOCLCQ _dOCLCO _dOCLCF _dOCLCQ _dPAU _dOCLCQ _dIL4J6 _dSUC _dOCLCO _dUKMGB _dOCLCL _dOCLCQ _dHDC _dOCLCO _dIG# _dOCLCQ _dIC7 _dOCLCL _dOCLCQ _dOCLCL _dOCLCO _dYBM _dOCLCQ _dOCLCO _dTR-AnTOB |
||
| 041 | 0 | _aeng | |
| 050 | 0 | 0 |
_aPS3503.R167 _bZ72 1980 |
| 090 |
_aPS3503.R167 _bZ72 1980 |
||
| 100 | 1 |
_aJohnson, Wayne L., _d1942- _eauthor _4aut _0http://id.loc.gov/authorities/names/n80036077 _9153741 |
|
| 245 | 1 | 0 |
_aRay Bradbury / _cWayne L. Johnson. |
| 264 | 1 |
_aNew York : _bFrederick Ungar Publishing Co., _c[1980] |
|
| 264 | 4 | _c©1980 | |
| 300 |
_axiii, 173 pages ; _c22 cm |
||
| 336 |
_atext _btxt _2rdacontent |
||
| 337 |
_aunmediated _bn _2rdamedia |
||
| 338 |
_avolume _bnc _2rdacarrier |
||
| 490 | 0 | _aRecognitions | |
| 504 | _aBIBINDX | ||
| 505 | 0 | _aThe writer and his work -- Medicines for melancholy -- The pandemonium shadow show -- Future imperfect -- Machineries of joy and sorrow -- Green town, Illinois -- Mars -- Other themes -- Other work -- Looking ahead -- Notes -- Bibliography -- Index. | |
| 520 | _aAnalyzing Bradbury's evocative style and language, Johnson also examines a number of recurring themes and their variations in Bradbury's writing -- space and time travel, death, Mars, nostalgia, robots, magic, and monsters, among others. | ||
| 600 | 1 | 0 |
_aBradbury, Ray, _d1920-2012 _xCriticism and interpretation _923710 |
| 650 | 0 |
_aScience fiction, American _xHistory and criticism _993801 |
|
| 942 |
_2lcc _cBK |
||
| 999 |
_c200468157 _d86369 |
||